Methods for estimating medical expenditures attributable to intimate partner violence

Gespeichert in:  
Bibliographische Detailangaben
VerfasserInnen: Brown, Derek (Verfasst von) ; Mercy, James A. (Verfasst von) ; Finkelstein, Eric 1970- (Verfasst von)
Medienart: Elektronisch Aufsatz
Sprache:Englisch
Veröffentlicht: 2008
In: Journal of interpersonal violence
Jahr: 2008, Band: 23, Heft: 12, Seiten: 1747-1766
Online-Zugang: Volltext (lizenzpflichtig)
Verfügbarkeit prüfen: HBZ Gateway

MARC

LEADER 00000caa a22000002c 4500
001 1912621924
003 DE-627
005 20250124055011.0
007 cr uuu---uuuuu
008 241217s2008 xx |||||o 00| ||eng c
024 7 |a 10.1177/0886260508314338  |2 doi 
035 |a (DE-627)1912621924 
035 |a (DE-599)KXP1912621924 
040 |a DE-627  |b ger  |c DE-627  |e rda 
041 |a eng 
084 |a 2,1  |2 ssgn 
100 1 |a Brown, Derek  |e VerfasserIn  |0 (DE-588)1154314251  |0 (DE-627)1015574165  |0 (DE-576)500671621  |4 aut 
109 |a Brown, Derek  |a Brown, Derek S. 
245 1 0 |a Methods for estimating medical expenditures attributable to intimate partner violence 
264 1 |c 2008 
336 |a Text  |b txt  |2 rdacontent 
337 |a Computermedien  |b c  |2 rdamedia 
338 |a Online-Ressource  |b cr  |2 rdacarrier 
700 1 |a Mercy, James A.  |e VerfasserIn  |4 aut 
700 1 |a Finkelstein, Eric  |d 1970-  |e VerfasserIn  |0 (DE-588)133993175  |0 (DE-627)559462387  |0 (DE-576)300240899  |4 aut 
773 0 8 |i Enthalten in  |t Journal of interpersonal violence  |d London [u.a.] : Sage, 1986  |g 23(2008), 12, Seite 1747-1766  |h Online-Ressource  |w (DE-627)324614721  |w (DE-600)2028900-5  |w (DE-576)276556305  |x 1552-6518  |7 nnas 
773 1 8 |g volume:23  |g year:2008  |g number:12  |g pages:1747-1766 
787 0 8 |i Forschungsdaten  |a Tjaden, Patricia  |t Violence and Threats of Violence Against Women and Men in the United States, 1994-1996  |d [Erscheinungsort nicht ermittelbar] : [Verlag nicht ermittelbar], 1999  |w (DE-627)1840060492 
856 4 0 |u https://doi.org/10.1177/0886260508314338  |x Resolving-System  |z lizenzpflichtig  |3 Volltext  |7 1 
935 |a mkri 
951 |a AR 
ELC |a 1 
LOK |0 000 xxxxxcx a22 zn 4500 
LOK |0 001 4637587441 
LOK |0 003 DE-627 
LOK |0 004 1912621924 
LOK |0 005 20241217044713 
LOK |0 008 241217||||||||||||||||ger||||||| 
LOK |0 035   |a (DE-2619)ICPSR115553 
LOK |0 040   |a DE-2619  |c DE-627  |d DE-2619 
LOK |0 092   |o n 
LOK |0 852   |a DE-2619 
LOK |0 852 1  |9 00 
LOK |0 935   |a nacp 
LOK |0 939   |a 17-12-24  |b l01 
ORI |a SA-MARC-krimdoka001.raw